000 00384nam a2200145Ia 4500
005 20250508011959.0
008 240331s9999 xx 000 0 und d
082 _bBAL
_a894
100 _aBalasubramaniam, R
245 0 _aVasantham vanthu Poividdathu
260 _aChennai
_bKumaran Publishers
_c1997
300 _aVi, 215 p ., ( C 2)
500 _aA Social novel In Tamil
942 _cL
999 _c4336
_d4336